[Event "Top Jeunes"]
[Site "Mulhouse"]
[Date "2010.12.20"]
[Round "7.10"]
[White "Trouve, Guillaume"]
[Black "Alary, Antoine"]
[Result "1-0"]
[WhiteElo "1614"]
[BlackElo "1220"]
[PlyCount "79"]
[EventDate "20.??.??"]
[WhiteTeam "Sautron"]
[BlackTeam "Potemkine"]

1. e4 e5 2. Nf3 Nf6 3. Nxe5 d6 4. Nf3 Nxe4 5. Nc3 Nxc3 6. dxc3 d5 7. Be3 Nc6 8.
Qd2 Be7 9. O-O-O Be6 10. Kb1 O-O 11. Bg5 Bxg5 12. Nxg5 h6 13. Nf3 Ne7 14. h3 c6
15. g4 a5 16. g5 Nf5 17. gxh6 Nxh6 18. Rg1 b5 19. Qxh6 g6 20. Ng5 Re8 21. h4
Qf6 22. Bd3 Qg7 23. Qxg7+ Kxg7 24. Nxe6+ Rxe6 25. h5 Rh8 26. hxg6 fxg6 27. Rde1
Rf6 28. a3 Rb8 29. f4 Kf7 30. Rg4 c5 31. Reg1 Rbb6 32. Rg5 b4 33. cxb4 cxb4 34.
axb4 axb4 35. Rxd5 Rxf4 36. Rf1 Rxf1+ 37. Bxf1 b3 38. cxb3 Rxb3 39. Bc4 Rxb2+
40. Kxb2 1-0

[Event "Top Jeunes"]
[Site "Mulhouse"]
[Date "2010.12.20"]
[Round "7.1"]
[White "Messinger, Karl"]
[Black "Msellek, Ilyass"]
[Result "0-1"]
[WhiteElo "1936"]
[BlackElo "2059"]
[PlyCount "62"]
[EventDate "20.??.??"]
[WhiteTeam "Mulhouse"]
[BlackTeam "Villepinte"]

1. e4 e5 2. Nf3 Nc6 3. Bb5 Bc5 4. O-O Nf6 5. Re1 O-O 6. c3 Bb6 7. d4 d6 8. h3
Bd7 9. d5 Ne7 10. Bxd7 Qxd7 11. Nh4 h6 12. g4 g5 13. Qf3 Kg7 14. Nf5+ Nxf5 15.
gxf5 Rg8 16. Kh1 Kf8 17. Rg1 Qa4 18. Nd2 h5 19. b3 Qe8 20. Nc4 g4 21. Qe2 Qe7
22. Nxb6 axb6 23. Qe3 Ke8 24. Bd2 Kd7 25. a4 Nh7 26. Qh6 Qh4 27. Rg3 Nf6 28.
Qe3 gxh3 29. Rag1 Rxg3 30. Rxg3 Nxe4 31. Rg7 Nxf2+ 0-1

[Event "Top Jeunes"]
[Site "Mulhouse"]
[Date "2010.12.20"]
[Round "7.2"]
[White "Clement, Alexandre"]
[Black "Viennot, Dylan"]
[Result "1/2-1/2"]
[WhiteElo "1923"]
[BlackElo "2032"]
[PlyCount "57"]
[EventDate "20.??.??"]
[WhiteTeam "Villepinte"]
[BlackTeam "Mulhouse"]

1. e4 c5 2. Nc3 Nc6 3. Bb5 d6 4. Bxc6+ bxc6 5. d3 e5 6. f4 exf4 7. Bxf4 Ne7 8.
Qf3 Ng6 9. Bg3 h5 10. h3 h4 11. Bh2 Be7 12. Nge2 Bf6 13. O-O Be6 14. Kh1 Qd7
15. Nf4 Nxf4 16. Qxf4 Be5 17. Qg5 Bxh2 18. Kxh2 Qe7 19. Qxe7+ Kxe7 20. Ne2 a5
21. a4 Rab8 22. b3 g5 23. Nc3 f6 24. Rae1 Rhf8 25. Nd5+ Bxd5 26. exd5+ Kd7 27.
dxc6+ Kxc6 28. Re6 Rbe8 29. Rxe8 1/2-1/2

[Event "Top Jeunes"]
[Site "Mulhouse"]
[Date "2010.12.20"]
[Round "7.3"]
[White "Haussernot, Cecile"]
[Black "Bellaiche, Elise"]
[Result "1-0"]
[WhiteElo "2022"]
[BlackElo "1896"]
[PlyCount "77"]
[EventDate "20.??.??"]
[WhiteTeam "Mulhouse"]
[BlackTeam "Villepinte"]

1. e4 e6 2. d4 d5 3. Nc3 Nf6 4. e5 Nfd7 5. f4 c5 6. Nf3 Nc6 7. Be3 a6 8. Qd2 b5
9. dxc5 Bxc5 10. Bxc5 Nxc5 11. Qf2 Qb6 12. Bd3 Nd7 13. O-O Qxf2+ 14. Kxf2 Nb6
15. Ne2 Bd7 16. Ned4 Ke7 17. Nxc6+ Bxc6 18. Nd4 Bb7 19. b3 Nd7 20. Ke3 f6 21.
Rae1 Nc5 22. g4 h5 23. g5 fxe5 24. fxe5 Ne4 25. Bxe4 dxe4 26. c4 bxc4 27. bxc4
Rac8 28. Rb1 Rc7 29. Rb6 Bc8 30. Rd6 Bd7 31. Kxe4 Rxc4 32. g6 Rd8 33. Rf7+ Ke8
34. Ke3 Bc8 35. Rxg7 Rxd6 36. exd6 Rc3+ 37. Kd2 Rc5 38. Re7+ Kf8 39. g7+ 1-0

[Event "Top Jeunes"]
[Site "Mulhouse"]
[Date "2010.12.20"]
[Round "7.4"]
[White "Ek, Alexandre"]
[Black "Veys, Vincent"]
[Result "1-0"]
[WhiteElo "1855"]
[BlackElo "1730"]
[PlyCount "56"]
[EventDate "20.??.??"]
[WhiteTeam "Villepinte"]
[BlackTeam "Mulhouse"]

1. e4 e5 2. Nf3 Nc6 3. Bb5 a6 4. Ba4 Nf6 5. d4 exd4 6. O-O Be7 7. e5 Nd5 8.
Nxd4 Nb6 9. Nf5 O-O 10. Qg4 g6 11. Nxe7+ Qxe7 12. Bxc6 dxc6 13. Qg3 Bf5 14. Bg5
Qe6 15. c3 Nd7 16. f4 f6 17. exf6 Nxf6 18. Bxf6 Qxf6 19. Nd2 Rad8 20. Nf3 Rd3
21. Qf2 Rfd8 22. Rfe1 Bg4 23. Ne5 Rd2 24. Nxg4 Qd6 25. Qe3 Rxb2 26. f5 gxf5 27.
Nh6+ Kf8 28. Qg5 Qg6 1-0

[Event "Top Jeunes"]
[Site "Mulhouse"]
[Date "2010.12.20"]
[Round "7.5"]
[White "Guerry, Emilien"]
[Black "O'Sullivan, Thomas"]
[Result "0-1"]
[WhiteElo "1640"]
[BlackElo "1813"]
[PlyCount "52"]
[EventDate "20.??.??"]
[WhiteTeam "Mulhouse"]
[BlackTeam "Villepinte"]

1. e4 e6 2. d4 d5 3. Nd2 Nf6 4. e5 Nfd7 5. Bd3 c5 6. c3 Nc6 7. Ne2 f6 8. exf6
Nxf6 9. Nf3 Bd6 10. Bf4 Bxf4 11. Nxf4 Qd6 12. Ne2 cxd4 13. cxd4 O-O 14. O-O a6
15. a3 Bd7 16. b4 b5 17. Ng3 Rae8 18. Re1 e5 19. dxe5 Nxe5 20. Nxe5 Rxe5 21.
Rxe5 Qxe5 22. Rb1 Ng4 23. Qc2 Rxf2 24. Bxh7+ Kh8 25. Qd3 Qf6 26. h3 Rxg2+ 0-1

[Event "Top Jeunes"]
[Site "Mulhouse"]
[Date "2010.12.20"]
[Round "7.6"]
[White "Le Menelec, Erwan-Son"]
[Black "Hug, Roxana"]
[Result "1-0"]
[WhiteElo "1716"]
[BlackElo "1560"]
[PlyCount "57"]
[EventDate "20.??.??"]
[WhiteTeam "Villepinte"]
[BlackTeam "Mulhouse"]

1. e4 c5 2. f4 d5 3. e5 Nc6 4. c3 Qb6 5. d3 e6 6. Nf3 Nge7 7. g3 Ng6 8. Bg2 Be7
9. O-O O-O 10. Kh1 Bd7 11. Qe2 Rac8 12. Be3 Qc7 13. c4 b6 14. Bg1 Kh8 15. Nc3
d4 16. Ne4 f6 17. exf6 Bxf6 18. Nfg5 Nce7 19. Bh3 Qc6 20. Bg2 Qc7 21. h4 Rfe8
22. Nf7+ Kg8 23. Nfd6 Rf8 24. Nxc8 Rxc8 25. h5 Nh8 26. Qg4 Kf7 27. Ng5+ Kg8 28.
Nxe6 Bxe6 29. Qxe6+ 1-0

[Event "Top Jeunes"]
[Site "Mulhouse"]
[Date "2010.12.20"]
[Round "7.7"]
[White "Burri, Quentin"]
[Black "Ek, Bora"]
[Result "1-0"]
[WhiteElo "1720"]
[BlackElo "1430"]
[PlyCount "55"]
[EventDate "20.??.??"]
[WhiteTeam "Mulhouse"]
[BlackTeam "Villepinte"]

1. d4 d5 2. c4 e6 3. Nc3 Nf6 4. Bg5 Be7 5. e3 Nbd7 6. Nf3 O-O 7. Qc2 h6 8. Bf4
b6 9. cxd5 exd5 10. Bd3 Bb7 11. h4 c5 12. Rg1 cxd4 13. Nxd4 Nc5 14. g4 Nxd3+
15. Qxd3 Ne4 16. g5 hxg5 17. hxg5 Bxg5 18. Bxg5 Nxg5 19. Qf5 Nh7 20. Rh1 Ng5
21. f4 g6 22. Qxg5 Qxg5 23. fxg5 Rfe8 24. Kd2 Re5 25. Rag1 Rae8 26. Rh3 Bc8 27.
Rf3 Bd7 28. Rgf1 1-0

[Event "Top Jeunes"]
[Site "Mulhouse"]
[Date "2010.12.20"]
[Round "7.8"]
[White "Rambeaux, Solene"]
[Black "Kocausta, Antoine"]
[Result "1-0"]
[WhiteElo "1480"]
[BlackElo "1630"]
[PlyCount "53"]
[EventDate "20.??.??"]
[WhiteTeam "Mulhouse"]
[BlackTeam "Villepinte"]

1. d4 d5 2. c4 e6 3. Nf3 Nf6 4. g3 c6 5. Bg2 Nbd7 6. O-O Bd6 7. Nc3 dxc4 8. e4
e5 9. dxe5 Bxe5 10. Nxe5 Nxe5 11. Qxd8+ Kxd8 12. f4 Nd3 13. Rd1 Ke7 14. Be3 Bg4
15. Rd2 Rhd8 16. h3 Be6 17. Rad1 Rd7 18. f5 Bxf5 19. exf5 Rc7 20. b3 b5 21. Bf1
Ne5 22. Re2 Rb8 23. Bf4 Rcb7 24. Bxe5 Re8 25. Bxf6+ Kxf6 26. Ne4+ Kxf5 27. Nd6+
1-0

[Event "Top Jeunes"]
[Site "Mulhouse"]
[Date "2010.12.20"]
[Round "7.9"]
[White "Kocausta, Antoine"]
[Black "Burri, Quentin"]
[Result "0-1"]
[WhiteElo "1630"]
[BlackElo "1720"]
[PlyCount "42"]
[EventDate "20.??.??"]
[WhiteTeam "Villepinte"]
[BlackTeam "Mulhouse"]

1. d4 f5 2. c4 Nf6 3. Nc3 g6 4. Nf3 Bg7 5. Bf4 d6 6. e3 O-O 7. Be2 Qe8 8. h3 a6
9. Qb3 Kh8 10. O-O Nbd7 11. Ng5 e5 12. Bh2 e4 13. d5 Nc5 14. Qc2 h6 15. Ne6
Nxe6 16. dxe6 Bxe6 17. Rad1 Qc6 18. b3 d5 19. Rd4 Nd7 20. Rd2 dxc4 21. bxc4
Bxc4 {time} 0-1

[Event "Top Jeunes"]
[Site "Mulhouse"]
[Date "2010.12.20"]
[Round "7.10"]
[White "Ek, Bora"]
[Black "Rambeaux, Solene"]
[Result "1-0"]
[WhiteElo "1430"]
[BlackElo "1480"]
[PlyCount "85"]
[EventDate "20.??.??"]
[WhiteTeam "Villepinte"]
[BlackTeam "Mulhouse"]

1. e4 c5 2. Nf3 d6 3. d4 cxd4 4. Nxd4 Nf6 5. Nc3 g6 6. Be3 Bg7 7. Be2 O-O 8.
O-O Nc6 9. h3 Bd7 10. Nb3 Rb8 11. Re1 a6 12. a4 h6 13. Rb1 Qc7 14. Nd5 Nxd5 15.
exd5 Na5 16. Nxa5 Qxa5 17. b3 f5 18. Bd4 Be5 19. Bxe5 dxe5 20. Qc1 Kg7 21. Rd1
f4 22. Qd2 Qxd2 23. Rxd2 e4 24. d6 exd6 25. Rxd6 Bc6 26. a5 Rf5 27. Bc4 Rxa5
28. Re6 Re8 29. Rd6 e3 30. fxe3 fxe3 31. Re1 Ra2 32. Bd3 h5 33. Rxg6+ Kf7 34.
Rg3 e2 35. Bg6+ Kf8 36. Bxe8 Kxe8 37. Re3+ Kd7 38. R1xe2 Kc7 39. c4 Rxe2 40.
Rxe2 Bd7 41. Re5 b5 42. cxb5 axb5 43. Rxh5 1-0

[Event "Top Jeunes"]
[Site "Mulhouse"]
[Date "2010.12.20"]
[Round "7.1"]
[White "Lemeille, Francois"]
[Black "Leriche, Luc"]
[Result "1/2-1/2"]
[WhiteElo "2049"]
[BlackElo "1968"]
[PlyCount "85"]
[EventDate "20.??.??"]
[WhiteTeam "Bois-Colombes"]
[BlackTeam "Niort"]

1. e4 c5 2. Nf3 d6 3. d4 cxd4 4. Nxd4 Nf6 5. Nc3 a6 6. Bg5 e6 7. f4 Qc7 8. Qf3
b5 9. O-O-O b4 10. Nb1 Bb7 11. Bxf6 gxf6 12. Nd2 Nc6 13. N2b3 Rc8 14. Bd3 Nxd4
15. Nxd4 h5 16. Qh3 Be7 17. Kb1 Qb6 18. Rhe1 Kf8 19. Qe3 Qc5 20. f5 e5 21. Nb3
Qxe3 22. Rxe3 Bd8 23. Nd2 Bb6 24. Re2 Rc6 25. Nc4 Bc7 26. Ne3 Rc5 27. Red2 Ke7
28. Nd5+ Bxd5 29. exd5 a5 30. Be2 h4 31. Rf1 Bb6 32. Rf3 Rg8 33. g3 hxg3 34.
Rxg3 Rxg3 35. hxg3 Rc8 36. a3 bxa3 37. bxa3 Bd4 38. Rd3 a4 39. Kc1 Rc5 40. Bf3
Rc4 41. Kd2 Bc5 42. Rc3 Rd4+ 43. Rd3 1/2-1/2

[Event "Top Jeunes"]
[Site "Mulhouse"]
[Date "2010.12.20"]
[Round "7.2"]
[White "Macon, Arthur"]
[Black "Triboulin, Boyann"]
[Result "1-0"]
[WhiteElo "1981"]
[BlackElo "1700"]
[PlyCount "101"]
[EventDate "20.??.??"]
[WhiteTeam "Niort"]
[BlackTeam "Bois-Colombes"]

1. d4 d5 2. c4 e6 3. Nc3 Nf6 4. cxd5 exd5 5. Bg5 Be7 6. e3 O-O 7. Bd3 Nbd7 8.
Qc2 b6 9. Nge2 c5 10. O-O Bb7 11. Rad1 Rc8 12. Bxf6 Nxf6 13. Bf5 Rc6 14. Nf4
cxd4 15. exd4 Bb4 16. Nfe2 Ba6 17. Bd3 Bxd3 18. Qxd3 Qd7 19. h3 Rfc8 20. a3 Bd6
21. Rfe1 h6 22. Qf3 Rc4 23. Kh1 Bb8 24. Ng3 b5 25. Nf5 Re8 26. Nxh6+ gxh6 27.
Qxf6 Re6 28. Rxe6 fxe6 29. Qg6+ Kf8 30. Qxh6+ Ke7 31. Qg7+ Kd8 32. Qxd7+ Kxd7
33. g3 b4 34. axb4 Rxb4 35. Rd2 a5 36. Kg2 Ba7 37. Ne2 Ke7 38. h4 Kf6 39. f3
Ra4 40. g4 Rb4 41. f4 a4 42. h5 Bb8 43. h6 Kg6 44. g5 Ba7 45. Kf3 Rb3+ 46. Kg4
a3 47. bxa3 Rxa3 48. Rb2 Ra4 49. Rb7 Bxd4 50. Nxd4 Rxd4 51. Rg7# 1-0

[Event "Top Jeunes"]
[Site "Mulhouse"]
[Date "2010.12.20"]
[Round "7.3"]
[White "Lam-Roques, Kalvin"]
[Black "Habiballah, Anass"]
[Result "1-0"]
[WhiteElo "1871"]
[BlackElo "1520"]
[PlyCount "51"]
[EventDate "20.??.??"]
[WhiteTeam "Bois-Colombes"]
[BlackTeam "Niort"]

1. e4 d6 2. Nc3 Nf6 3. f4 g6 4. Nf3 Bg7 5. Bc4 O-O 6. d3 c6 7. O-O b5 8. Bb3
Qc7 9. Qe1 Nbd7 10. e5 Ng4 11. d4 d5 12. Qh4 Nh6 13. g4 e6 14. f5 Nxf5 15. gxf5
exf5 16. Bh6 Re8 17. Ng5 Nf8 18. Rf3 f4 19. Rxf4 Bf5 20. Raf1 Qd7 21. R1f3 Re7
22. Rxf5 gxf5 23. Bxg7 Kxg7 24. Rh3 Ree8 25. Qh6+ Kg8 26. Nxh7 1-0

[Event "Top Jeunes"]
[Site "Mulhouse"]
[Date "2010.12.20"]
[Round "7.10"]
[White "Gaubert, Cedric"]
[Black "Pham, Arthur"]
[Result "1-0"]
[WhiteElo "1009"]
[BlackElo "1009"]
[PlyCount "133"]
[EventDate "20.??.??"]
[WhiteTeam "Niort"]
[BlackTeam "Bois-Colombes"]

1. d4 Nf6 2. e3 g6 3. f4 Bg7 4. Bd3 d5 5. Nf3 c5 6. c3 b6 7. O-O O-O 8. Nbd2
Bb7 9. Ne5 Nc6 10. Ndf3 Ne4 11. Nxc6 Bxc6 12. Ne5 Bb7 13. Bd2 Qc7 14. Be1 f6
15. Ng4 e5 16. fxe5 fxe5 17. Rxf8+ Rxf8 18. Bxe4 dxe4 19. Bg3 Rd8 20. Bxe5 Bxe5
21. Nxe5 Qe7 22. Qe2 Qe6 23. Qg4 Qxg4 24. Nxg4 cxd4 25. exd4 Rf8 26. Rf1 Rxf1+
27. Kxf1 Kf7 28. Ke2 Ke6 29. Ke3 h5 30. Nf2 Kf6 31. h3 h4 32. c4 g5 33. d5 b5
34. b3 bxc4 35. bxc4 Ba6 36. c5 Bc4 37. d6 Ke6 38. Nxe4 Bxa2 39. Nxg5+ Kd7 40.
Nf3 a5 41. Nxh4 Kc6 42. g4 Be6 43. Kd4 a4 44. Ng2 a3 45. Ne1 Bb3 46. Kc3 a2 47.
Kb2 Be6 48. Nd3 Kb5 49. Nc1 a1=Q+ 50. Kxa1 Kxc5 51. Kb2 Kxd6 52. Nd3 Ke7 53.
Kc2 Kf6 54. Kd2 Kg5 55. Ke3 Bd7 56. Kf3 Bc8 57. Kg3 Bb7 58. h4+ Kg6 59. Kf4 Bd5
60. Ke5 Bf3 61. Nf4+ Kh7 62. g5 Bd1 63. Kf6 Bb3 64. h5 Bc4 65. h6 Bg8 66. Nh5
Kh8 67. g6 1-0

[Event "Top Jeunes"]
[Site "Mulhouse"]
[Date "2010.12.20"]
[Round "7.5"]
[White "Guerlach, Keigo"]
[Black "Barbotte, Leo"]
[Result "1/2-1/2"]
[WhiteElo "1639"]
[BlackElo "1510"]
[PlyCount "69"]
[EventDate "20.??.??"]
[WhiteTeam "Bois-Colombes"]
[BlackTeam "Niort"]

1. e4 d6 2. d4 Nf6 3. Nc3 g6 4. Bc4 Bg7 5. Nf3 O-O 6. O-O c6 7. Bg5 Qc7 8. Bb3
Rd8 9. Qe2 Rf8 10. Rad1 e6 11. Rfe1 d5 12. exd5 cxd5 13. Qe5 Qxe5 14. Nxe5 h6
15. Bh4 Nbd7 16. Nxd7 Bxd7 17. Bg3 a5 18. Ba4 Bxa4 19. Nxa4 Nh5 20. Be5 Bxe5
21. Rxe5 Kg7 22. Rde1 Rac8 23. c3 Nf4 24. R5e3 Rc4 25. Nb6 Rc6 26. Na4 b5 27.
Nc5 Rb8 28. Nd7 Rd8 29. Ne5 Rc7 30. a3 Rdc8 31. Nf3 Rb8 32. h3 Nh5 33. R3e2 b4
34. axb4 axb4 35. Re3 1/2-1/2

[Event "Top Jeunes"]
[Site "Mulhouse"]
[Date "2010.12.20"]
[Round "7.6"]
[White "Barbotte, Pierre"]
[Black "Bonnin, Remi"]
[Result "0-1"]
[WhiteElo "1470"]
[BlackElo "1360"]
[PlyCount "104"]
[EventDate "20.??.??"]
[WhiteTeam "Niort"]
[BlackTeam "Bois-Colombes"]

1. d4 Nf6 2. e3 e6 3. Bd3 b6 4. c3 Bb7 5. Nf3 c5 6. Nbd2 Nc6 7. b3 Be7 8. O-O
O-O 9. Bb2 Qc7 10. Qc2 g6 11. Rae1 Bd6 12. g3 e5 13. Ne4 Nxe4 14. Bxe4 exd4 15.
cxd4 Nb4 16. Qb1 Bxe4 17. Qxe4 cxd4 18. Qxd4 f6 19. Rc1 Nc2 20. Qd3 Rac8 21.
Ne1 Nxe1 22. Rfxe1 Qb8 23. Rxc8 Rxc8 24. Qd5+ Kg7 25. Qf3 Be5 26. Bc1 Rc2 27.
Rd1 Qc7 28. Bd2 Rxa2 29. Qd5 Qc6 30. Qxc6 dxc6 31. Bc1 Ra1 32. Rd7+ Kh6 33. e4+
g5 34. Kg2 Rxc1 35. Rxa7 Ra1 36. Rf7 Rb1 37. f4 Bd4 38. h4 gxh4 39. gxh4 Rxb3
40. e5 fxe5 41. fxe5 Bxe5 42. Re7 Bg3 43. Re6+ Kg7 44. Re7+ Kg8 45. Re4 Bc7 46.
Re8+ Kf7 47. Rc8 Rb2+ 48. Kh3 Be5 49. Rxc6 Rb3+ 50. Kg2 Rc3 51. Rxb6 Rc2+ 52.
Kh3 Rc4 0-1

[Event "Top Jeunes"]
[Site "Mulhouse"]
[Date "2010.12.20"]
[Round "7.7"]
[White "Ariza, Thomas"]
[Black "Gaubert, Cedric"]
[Result "1-0"]
[WhiteElo "1670"]
[BlackElo "1009"]
[PlyCount "43"]
[EventDate "20.??.??"]
[WhiteTeam "Bois-Colombes"]
[BlackTeam "Niort"]

1. e4 d5 2. exd5 Qxd5 3. Nc3 Qa5 4. Nf3 Nf6 5. Bc4 Bf5 6. d4 e6 7. Bd2 c6 8.
O-O Qc7 9. Bg5 Nbd7 10. Re1 Bg4 11. h3 Bxf3 12. Qxf3 Bd6 13. Rad1 e5 14. dxe5
Nxe5 15. Bxf6 O-O 16. Bxe5 Bxe5 17. Re4 Bxc3 18. Qxc3 Rae8 19. Rg4 g6 20. h4 h5
21. Rxg6+ Kh7 22. Qg7# 1-0

[Event "Top Jeunes"]
[Site "Mulhouse"]
[Date "2010.12.20"]
[Round "7.8"]
[White "Pham, Arthur"]
[Black "Habiballah, Linda"]
[Result "1-0"]
[WhiteElo "1009"]
[BlackElo "1120"]
[PlyCount "77"]
[EventDate "20.??.??"]
[WhiteTeam "Bois-Colombes"]
[BlackTeam "Niort"]

1. e4 c6 2. d4 d5 3. e5 e6 4. f4 Ne7 5. Nf3 Ng6 6. c4 Be7 7. Nc3 O-O 8. Be2 Nd7
9. Bd2 Qb6 10. b3 Qc7 11. O-O a5 12. Rc1 Ba3 13. Rc2 Nb6 14. cxd5 exd5 15. Nb5
Qe7 16. Nxa3 Qxa3 17. h3 Bf5 18. Qc1 Qe7 19. Rc5 Nd7 20. Rxa5 Rfe8 21. Rxa8
Rxa8 22. a4 Nb6 23. Re1 h6 24. a5 Nd7 25. a6 Rb8 26. axb7 Rxb7 27. Qxc6 Nb6 28.
Bb4 Qd7 29. Qxd7 Rxd7 30. Bd2 Be4 31. Rc1 Ne7 32. Bb4 Nf5 33. Kf2 Rb7 34. Ba5
Nd7 35. g3 Rxb3 36. Nd2 Rxg3 37. Nxe4 dxe4 38. Rc3 e3+ 39. Kf1 1-0

[Event "Top Jeunes"]
[Site "Mulhouse"]
[Date "2010.12.20"]
[Round "7.9"]
[White "Habiballah, Linda"]
[Black "Ariza, Thomas"]
[Result "0-1"]
[WhiteElo "1120"]
[BlackElo "1670"]
[PlyCount "52"]
[EventDate "20.??.??"]
[WhiteTeam "Niort"]
[BlackTeam "Bois-Colombes"]

1. e4 e6 2. Nc3 d5 3. g3 Nf6 4. e5 Nfd7 5. d4 c5 6. Be3 Qb6 7. b3 Nc6 8. Nce2
cxd4 9. Bxd4 Nxd4 10. Nxd4 a6 11. Bg2 Bc5 12. Nge2 Nxe5 13. O-O O-O 14. h3 Bd7
15. Kh2 Bb5 16. f4 Bxd4 17. Nxd4 Bxf1 18. Bxf1 Qxd4 19. Qc1 Qf2+ 20. Bg2 Nf3+
21. Kh1 Qxg3 22. Bxf3 Qxf3+ 23. Kh2 Qf2+ 24. Kh1 Rac8 25. Qb2 Rxc2 26. Qe5 Qh2#
0-1

[Event "Top Jeunes"]
[Site "Mulhouse"]
[Date "2010.12.20"]
[Round "7.10"]
[White "Gaubert, Cedric"]
[Black "Pham, Arthur"]
[Result "0-1"]
[WhiteElo "1009"]
[BlackElo "1009"]
[PlyCount "42"]
[EventDate "20.??.??"]
[WhiteTeam "Niort"]
[BlackTeam "Bois-Colombes"]

1. d4 Nf6 2. e3 e6 3. c3 b6 4. Bd3 Bb7 5. Bc2 c5 6. f4 Nc6 7. Nf3 d5 8. O-O Bd6
9. Ne5 Qc7 10. b3 O-O-O 11. Ba3 cxd4 12. exd4 Rhg8 13. Nxc6 Bxc6 14. Bd3 Kb8
15. c4 g5 16. fxg5 Rxg5 17. Rxf6 dxc4 18. bxc4 Rxg2+ 19. Kf1 Rxh2 20. Ke1 Bg3+
21. Kf1 Rh1+ {suite illisible} 0-1